[Event "MCRE_SF20"]
[Site "?"]
[Date "2009.??.??"]
[Round "1"]
[White "Koukal, Vladimir"]
[Black "Kudr, Roman"]
[Result "1/2-1/2"]
[WhiteElo "2247"]
[BlackElo "2223"]
[PlyCount "128"]
[EventDate "2009.??.??"]
[EventType "corr"]

1. e4 g6 2. Nf3 Bg7 3. d4 d6 4. Bc4 Nf6 5. Qe2 O-O 6. O-O Nc6 7. e5 Ne8 8. Qe3
Bf5 9. c3 dxe5 10. dxe5 Kh8 11. Nbd2 f6 12. e6 Nd6 13. Bb3 g5 14. Bd5 Qe8 15.
Re1 g4 16. Bxc6 Qxc6 17. Nd4 Qd5 18. Qf4 Rfd8 19. Nxf5 Qxf5 20. Nb3 a5 21. Qxf5
Nxf5 22. a4 Rd6 23. Kf1 Bh6 24. Bxh6 Nxh6 25. Nc5 b6 26. Nb7 Rd2 27. Red1 Rxb2
28. Rd7 Nf5 29. Rxc7 Kg7 30. Rd1 Re8 31. Nd8 Kg6 32. Nc6 Ra2 33. Rb7 Rxa4 34.
Rxb6 Rc4 35. Nxa5 Rxc3 36. Nc6 Ra8 37. Nb4 Rb3 38. Nd5 Rxb6 39. Nxb6 Ra6 40.
Nd5 Kg5 41. Re1 Rd6 42. Nc7 Nd4 43. h3 gxh3 44. gxh3 Kf5 45. Rb1 Nxe6 46. Rb5+
Kg6 47. Nxe6 Rxe6 48. Rb7 h5 49. Rd7 Re5 50. Kg2 Re1 51. Rd8 Kg5 52. Rg8+ Kf4
53. Rf8 Rb1 54. Rf7 Rb7 55. Rg7 Ra7 56. Rh7 Kg5 57. Rg7+ Kh6 58. Rg3 e5 59. Rc3
Ra4 60. Rg3 e4 61. h4 Rd4 62. Rg8 Rd2 63. Kg3 Kh7 64. Ra8 f5 1/2-1/2

[Event "MCRE_SF20"]
[Site "?"]
[Date "2009.??.??"]
[Round "2"]
[White "Kudr, Roman"]
[Black "Koukal, Vladimir"]
[Result "1/2-1/2"]
[WhiteElo "2223"]
[BlackElo "2247"]
[PlyCount "111"]
[EventDate "2009.??.??"]
[EventType "corr"]

1. e4 e5 2. Nf3 Nc6 3. Bb5 a6 4. Ba4 Nf6 5. d4 exd4 6. O-O Bc5 7. e5 Ng4 8. h3
b5 9. Bg5 f6 10. exf6 gxf6 11. Re1+ Kf8 12. Bf4 bxa4 13. hxg4 d5 14. c3 Bxg4
15. cxd4 Bb6 16. Qxa4 Qd7 17. Nbd2 Nd8 18. Qa3+ Kf7 19. Be3 Rg8 20. Nh4 Kg7 21.
Nb3 Kh8 22. Nc5 Qf7 23. f3 Bc8 24. Re2 Ne6 25. Nxe6 Bxe6 26. Bf2 a5 27. Rae1
Rge8 28. g4 a4 29. Kg2 Ba5 30. Rh1 Bd7 31. Rxe8+ Rxe8 32. b4 Bb6 33. Qd3 Rg8
34. Be3 Re8 35. Kf2 Kg8 36. Nf5 Qg6 37. Rh6 Qf7 38. a3 Kh8 39. Ng3 Re6 40. Kg2
c6 41. Nf5 Bc7 42. Qd2 Re8 43. Rh5 Rg8 44. Kf2 Bxf5 45. Rxf5 Qe6 46. Kf1 Bg3
47. Bf2 Bxf2 48. Kxf2 Re8 49. Rh5 Kg8 50. Rh1 Re7 51. Re1 Qxe1+ 52. Qxe1 Rxe1
53. Kxe1 f5 54. Ke2 fxg4 55. fxg4 Kf7 56. Kf3 1/2-1/2

[Event "MCRE_SF20"]
[Site "?"]
[Date "2009.??.??"]
[Round "1"]
[White "Koukal, Vladimir"]
[Black "Sojka, Vaclav"]
[Result "1-0"]
[WhiteElo "2247"]
[BlackElo "2200"]
[PlyCount "105"]
[EventDate "2009.??.??"]
[EventType "corr"]

1. e4 c5 2. Nf3 Nc6 3. d4 cxd4 4. Nxd4 Nf6 5. Nc3 e5 6. Ndb5 d6 7. Nd5 Nxd5 8.
exd5 Nb8 9. Bd3 Be7 10. Qh5 Nd7 11. c4 a6 12. Nc3 g6 13. Qh6 Bf8 14. Qg5 Bg7
15. Qxd8+ Kxd8 16. Be3 f5 17. Be2 f4 18. Bd2 Ke7 19. g3 Rf8 20. f3 a5 21. Na4
b6 22. O-O-O Ba6 23. b3 Rac8 24. Kb1 Bb7 25. Rhg1 Rb8 26. Rge1 g5 27. Rg1 Bf6
28. Rde1 h5 29. Nc3 Nc5 30. Bd1 Rg8 31. Bc2 h4 32. Nb5 fxg3 33. hxg3 Rbf8 34.
Be3 Rh8 35. a3 Ba6 36. Nc3 h3 37. Rh1 Bc8 38. g4 Ke8 39. Rh2 Bd8 40. Bd1 Rh4
41. Kc2 Rfh8 42. b4 Nd7 43. Reh1 Be7 44. Ne4 axb4 45. axb4 Bb7 46. b5 Nc5 47.
Nxg5 Kd7 48. Be2 Kc7 49. Bf1 Ra8 50. Rxh3 Rxh3 51. Rxh3 Bxg5 52. Bxg5 Ra2+ 53.
Kc3 1-0

[Event "MCRE_SF20"]
[Site "?"]
[Date "2009.??.??"]
[Round "2"]
[White "Sojka, Vaclav"]
[Black "Koukal, Vladimir"]
[Result "0-1"]
[WhiteElo "2200"]
[BlackElo "2247"]
[PlyCount "108"]
[EventDate "2009.??.??"]
[EventType "corr"]

1. d4 Nf6 2. c4 c5 3. d5 d6 4. Nc3 g6 5. e4 Bg7 6. Nf3 O-O 7. Be2 Qb6 8. O-O
Re8 9. Qd3 a5 10. Nd2 Na6 11. a3 Ng4 12. Rb1 Bd7 13. b3 Reb8 14. Bb2 Qd8 15.
Nd1 Qf8 16. Qh3 Bxb2 17. Rxb2 f5 18. f4 Qg7 19. Qg3 b5 20. Bxg4 Qd4+ 21. Rf2
fxg4 22. cxb5 Rxb5 23. Nc3 Rb7 24. Nc4 Nc7 25. a4 Ne8 26. Rbd2 Qg7 27. Nd1 Nf6
28. Rfe2 Nh5 29. Qe3 Rb4 30. Ndb2 Rab8 31. Rd3 Qf8 32. g3 Qd8 33. f5 gxf5 34.
Qg5+ Ng7 35. e5 Be8 36. exd6 exd6 37. Qxd8 Rxd8 38. Nxa5 Re4 39. Rf2 Re1+ 40.
Rf1 Rxf1+ 41. Kxf1 Bg6 42. Nc6 Rf8 43. Nc4 f4 44. Ne7+ Kf7 45. Nxg6 Kxg6 46.
Nxd6 fxg3+ 47. Kg2 gxh2 48. Kxh2 Nh5 49. Nb7 Kf5 50. Rd2 g3+ 51. Kg1 Nf4 52.
Nxc5 Rc8 53. b4 Kg5 54. a5 h5 0-1

[Event "MCRE_SF20"]
[Site "?"]
[Date "2009.??.??"]
[Round "1"]
[White "Koukal, Vladimir"]
[Black "Juhasz, Jozef"]
[Result "1/2-1/2"]
[WhiteElo "2247"]
[BlackElo "2199"]
[PlyCount "93"]
[EventDate "2009.??.??"]
[EventType "corr"]

1. e4 c5 2. Nf3 d6 3. d4 cxd4 4. Nxd4 Nf6 5. Nc3 Nc6 6. Bc4 e5 7. Nb3 Be7 8. a3
O-O 9. O-O a5 10. Qd3 a4 11. Nd2 Nd7 12. Nf3 Nc5 13. Qe2 Bg4 14. Be3 Ne6 15.
Nb5 Rc8 16. c3 Nf4 17. Bxf4 exf4 18. Bd5 Qb6 19. Rab1 Bxf3 20. gxf3 Ne5 21. Nd4
Bg5 22. Rfd1 Rc5 23. Qc2 Qa7 24. Kh1 g6 25. Kg2 Rfc8 26. Qe2 Rd8 27. Nc2 b5 28.
Nb4 Bh6 29. Rd4 Qe7 30. Nd3 Bg7 31. Rb4 Nxd3 32. Qxd3 Qe8 33. h4 h5 34. Qd2 Be5
35. Qc2 Kg7 36. Rh1 Rdc8 37. Qd3 Kh7 38. Rd1 Kg7 39. Qb1 Qe7 40. Rh1 Bf6 41.
Qc1 Bxh4 42. Qxf4 Bg5 43. Qg3 Qf6 44. Qh3 Bf4 45. Re1 Be5 46. Kf1 Qg5 47. Rd1
1/2-1/2

[Event "MCRE_SF20"]
[Site "?"]
[Date "2009.??.??"]
[Round "2"]
[White "Juhasz, Jozef"]
[Black "Koukal, Vladimir"]
[Result "1/2-1/2"]
[WhiteElo "2199"]
[BlackElo "2247"]
[PlyCount "100"]
[EventDate "2009.??.??"]
[EventType "corr"]

1. c4 e5 2. Nc3 Nf6 3. Nf3 Nc6 4. g3 d5 5. cxd5 Nxd5 6. Bg2 Nb6 7. O-O Be7 8.
d4 exd4 9. Nb5 Bf6 10. Bf4 Nd5 11. Bg5 Bxg5 12. Nxg5 Qxg5 13. Bxd5 O-O 14. Bxc6
bxc6 15. Nxd4 c5 16. Nf3 Qf6 17. Qc2 Re8 18. Rfe1 Bb7 19. Nd2 Rad8 20. Rac1 Rd5
21. Nc4 Bc6 22. Na5 Ba8 23. Nb3 Rh5 24. f3 Rhe5 25. Nxc5 Re3 26. Nd3 g5 27. Qc3
Qb6 28. Kf1 Qh6 29. Qxc7 Qxh2 30. Nf2 Kg7 31. Qd6 h5 32. Qd4+ Kg6 33. g4 h4 34.
Qd7 R3e5 35. Rc7 Bd5 36. Rd1 h3 37. e4 Qg2+ 38. Ke1 Bxa2 39. Rd6+ Kg7 40. Qc6
Qxf3 41. Rg6+ Kf8 42. Qd6+ R5e7 43. Rf6 Qe3+ 44. Kf1 Kg7 45. Rc3 Qb6 46. Qxb6
axb6 47. Rxb6 h2 48. Kg2 Rh8 49. Rh3 Rxh3 50. Kxh3 Rxe4 1/2-1/2

[Event "MCRE_SF20"]
[Site "?"]
[Date "2009.??.??"]
[Round "1"]
[White "Koukal, Vladimir"]
[Black "Pirhala, Ladislav"]
[Result "1/2-1/2"]
[WhiteElo "2247"]
[BlackElo "2190"]
[PlyCount "144"]
[EventDate "2009.??.??"]
[EventType "corr"]

1. e4 c6 2. d4 d5 3. exd5 cxd5 4. c4 Nf6 5. Nc3 e6 6. Nf3 Be7 7. cxd5 Nxd5 8.
Bc4 Nf6 9. O-O O-O 10. Qe2 Nc6 11. Rd1 Na5 12. Bd3 b6 13. Ne5 Bb7 14. Bg5 Nd5
15. Qe4 g6 16. Bxe7 Qxe7 17. Nxd5 Bxd5 18. Qf4 Rac8 19. Ba6 Rc7 20. Rac1 Rxc1
21. Rxc1 f6 22. Ng4 Nc6 23. Ne3 Nb4 24. Nxd5 Nxd5 25. Qe4 Kf7 26. Bb5 Rd8 27.
a3 Rd6 28. Ba4 Qd8 29. Re1 Ne7 30. g4 f5 31. Qe5 fxg4 32. Bb3 Nd5 33. Bc4 h5
34. b4 Kg8 35. b5 Kh7 36. Re4 Qf8 37. Bxd5 Rxd5 38. Qxe6 Rf5 39. Qe7+ Kg8 40.
Qd7 Rf7 41. Qe6 Kg7 42. Qe5+ Kh7 43. Qg3 Qd8 44. Qe3 Qd5 45. Re5 Qf3 46. Re4
Qf5 47. a4 Kg7 48. Re5 Qb1+ 49. Kg2 h4 50. h3 Qd1 51. Re4 gxh3+ 52. Qxh3 g5 53.
Qe3 Kg6 54. Re6+ Kh5 55. Rh6+ Kxh6 56. Qe6+ Kg7 57. Qe5+ Kg6 58. Qe6+ Rf6 59.
Qe8+ Kf5 60. Qe5+ Kg4 61. Qxf6 Qd3 62. f3+ Kh5 63. Qh8+ Kg6 64. Qe5 Qc2+ 65.
Kg1 Qf5 66. Qe8+ Qf7 67. Qc6+ Kg7 68. Kg2 Qf4 69. Qd7+ Kf6 70. Qc6+ Ke7 71.
Qb7+ Ke6 72. Qc6+ Qd6 1/2-1/2

[Event "MCRE_SF20"]
[Site "?"]
[Date "2009.??.??"]
[Round "2"]
[White "Pirhala, Ladislav"]
[Black "Koukal, Vladimir"]
[Result "1/2-1/2"]
[WhiteElo "2190"]
[BlackElo "2247"]
[PlyCount "185"]
[EventDate "2009.??.??"]
[EventType "corr"]

1. e4 e5 2. Nf3 Nc6 3. Bb5 a6 4. Ba4 Nf6 5. O-O Be7 6. Re1 d6 7. c3 O-O 8. h3
Rb8 9. d4 exd4 10. cxd4 d5 11. e5 Ne4 12. Nbd2 f5 13. exf6 Nxf6 14. Bxc6 bxc6
15. Ne5 Rb6 16. Nb3 Ne4 17. Be3 Bd6 18. f3 Ng3 19. Qc2 Nf5 20. Qc1 Qe8 21. Bf2
Qh5 22. Re2 Nh4 23. Bxh4 Qxh4 24. Qe3 Qg3 25. Qf2 Qg5 26. h4 Qh6 27. g3 Rb5 28.
Rc2 Qh5 29. Re1 Rb6 30. Re3 Qf5 31. f4 Qf6 32. Nc5 Qh6 33. Ncd7 Bxe5 34. Nxe5
Bf5 35. Rc1 Qe6 36. Nc4 Be4 37. Nxb6 cxb6 38. Kh2 Qc8 39. Qe2 Rf6 40. b4 h6 41.
a3 Kh8 42. Rec3 Kh7 43. Rf1 Rf8 44. Rcc1 Rf5 45. Rf2 Rf6 46. Rc3 Kh8 47. Qd1
Kg8 48. Rb2 Qe8 49. Re2 Qd7 50. Qd2 Kh7 51. Rf2 Kh8 52. Rf1 Kh7 53. Qe2 Qc8 54.
Rcc1 Rf5 55. Qe1 Rf6 56. Rf2 Qg4 57. Rc3 Re6 58. Re3 Qf5 59. Qd2 Kg8 60. a4 Kh7
61. a5 b5 62. Rc3 Kh8 63. Rf1 Kg8 64. Rfc1 Qf6 65. Kg1 Qf5 66. Re3 Qh3 67. Qh2
Qf5 68. Rf1 h5 69. Qe2 Qf8 70. Qb2 Qf5 71. Kh2 Bg2 72. Rxe6 Qh3+ 73. Kg1 Qh1+
74. Kf2 Bxf1 75. Qc3 Bh3 76. Rxc6 Qf1+ 77. Ke3 Bg4 78. Rc8+ Bxc8 79. Qxc8+ Kh7
80. Qc2+ g6 81. f5 Qg1+ 82. Qf2 Qxf2+ 83. Kxf2 gxf5 84. Kf3 Kg6 85. Kf4 Kf6 86.
Ke3 Kg7 87. Kf4 Kf6 88. Kf3 Kg6 89. Ke3 Kg7 90. Kd3 Kf7 91. Ke2 Ke6 92. Ke3 Kf7
93. Kf4 1/2-1/2

[Event "MCRE_SF20"]
[Site "?"]
[Date "2009.??.??"]
[Round "1"]
[White "Koukal, Vladimir"]
[Black "Mudra, Oldrich"]
[Result "1/2-1/2"]
[WhiteElo "2247"]
[BlackElo "2175"]
[PlyCount "116"]
[EventDate "2009.??.??"]
[EventType "corr"]

1. e4 g6 2. Nf3 Bg7 3. d4 d6 4. Nc3 c6 5. Bc4 Nf6 6. O-O b5 7. Bd3 O-O 8. Bg5
Nbd7 9. Qd2 Bb7 10. Bh6 e5 11. dxe5 Nxe5 12. Nxe5 Bxh6 13. Qxh6 dxe5 14. Qg5
Re8 15. a4 a6 16. Qe3 Qe7 17. Ne2 Red8 18. axb5 axb5 19. Rxa8 Rxa8 20. c3 Bc8
21. Qb6 Bd7 22. Rd1 Ra2 23. b4 Kg7 24. h3 Be8 25. Qe3 h6 26. Nc1 Ra3 27. Ne2
Nh5 28. g4 Nf6 29. Kg2 Bd7 30. Rf1 h5 31. g5 Nh7 32. h4 Nf8 33. f4 exf4 34.
Nxf4 Kg8 35. Qc1 Ra2+ 36. Rf2 Rxf2+ 37. Kxf2 f6 38. Ng2 Kg7 39. gxf6+ Qxf6+ 40.
Kg1 Bg4 41. Qd2 Bh3 42. Qe1 Nd7 43. Be2 Ne5 44. Qf2 Qxf2+ 45. Kxf2 g5 46. Bf1
Bxg2 47. Kxg2 Kg6 48. Kh3 g4+ 49. Kg3 Kf6 50. Be2 Nc4 51. Kf4 Nb2 52. Bf1 Kf7
53. Be2 Nc4 54. Bd3 Ke6 55. Bf1 Nb2 56. Be2 Ke7 57. Bf1 Kd7 58. Bg2 Nd1 1/2-1/2

[Event "MCRE_SF20"]
[Site "?"]
[Date "2009.??.??"]
[Round "2"]
[White "Mudra, Oldrich"]
[Black "Koukal, Vladimir"]
[Result "1-0"]
[WhiteElo "2175"]
[BlackElo "2247"]
[PlyCount "120"]
[EventDate "2009.??.??"]
[EventType "corr"]

1. Nf3 d5 2. d4 Nf6 3. g3 e6 4. Bg2 Be7 5. O-O O-O 6. c4 dxc4 7. Ne5 c5 8. dxc5
Qc7 9. Nxc4 Rd8 10. Qb3 Qxc5 11. Be3 Qh5 12. Bf3 Ng4 13. Bxg4 Qxg4 14. Nc3 b6
15. Rfd1 Rf8 16. f3 Qh5 17. Rac1 Na6 18. Qc2 Nb4 19. Qe4 Ba6 20. a3 Bxc4 21.
Qxc4 Rfc8 22. Qb3 Nc6 23. Qb5 Qe5 24. Kf2 Bf8 25. Rd7 a6 26. Qxb6 Qh5 27. Kg2
Ne5 28. Ra7 Nc4 29. Qd4 Rxa7 30. Qxa7 Qa5 31. Ne4 Qb5 32. Kf2 Re8 33. a4 Qd5
34. b3 Nxe3 35. Qxe3 Rb8 36. Rc3 h6 37. Kg2 Qd8 38. Nd2 Bb4 39. Rd3 Qc7 40. Nc4
Bf8 41. Qd2 Qc5 42. Qf4 Qc8 43. Ne5 Rb7 44. Qe4 Rb4 45. Qc6 Qxc6 46. Nxc6 Rb6
47. Rc3 Bb4 48. Rc4 Bd6 49. b4 Kf8 50. a5 Rb7 51. Rd4 Be7 52. e4 Ke8 53. e5 f6
54. f4 fxe5 55. fxe5 Rc7 56. Nb8 Ra7 57. h4 Ra8 58. Nc6 Rc8 59. Nxe7 Kxe7 60.
h5 Rb8 1-0

[Event "MCRE_SF20"]
[Site "?"]
[Date "2009.??.??"]
[Round "1"]
[White "Koukal, Vladimir"]
[Black "Kratochvil, Vaclav"]
[Result "1/2-1/2"]
[WhiteElo "2247"]
[BlackElo "2172"]
[PlyCount "61"]
[EventDate "2009.??.??"]
[EventType "corr"]

1. e4 e5 2. Nf3 Nf6 3. Nxe5 d6 4. Nf3 Nxe4 5. d4 d5 6. Bd3 Be7 7. O-O Nc6 8.
Nbd2 Nxd2 9. Bxd2 O-O 10. c3 Bg4 11. Bf4 Bd6 12. Bxd6 Qxd6 13. Re1 Bh5 14. Re3
Rae8 15. Qc2 Rxe3 16. fxe3 Bxf3 17. gxf3 g6 18. Rf1 Ne7 19. Qf2 c5 20. Qg3 Qb6
21. Rf2 Re8 22. Qg5 Qd6 23. Kg2 Nc6 24. Re2 Kg7 25. Qg3 Qf8 26. a3 a6 27. Qc7
Re7 28. Qf4 Re6 29. Kf2 Qd8 30. b4 c4 31. Bc2 1/2-1/2

[Event "MCRE_SF20"]
[Site "?"]
[Date "2009.??.??"]
[Round "2"]
[White "Kratochvil, Vaclav"]
[Black "Koukal, Vladimir"]
[Result "1/2-1/2"]
[WhiteElo "2172"]
[BlackElo "2247"]
[PlyCount "49"]
[EventDate "2009.??.??"]
[EventType "corr"]

1. e4 e5 2. Nf3 Nc6 3. Bc4 Bc5 4. c3 Nf6 5. d3 O-O 6. O-O d6 7. b4 Bb6 8. a4 a5
9. b5 Ne7 10. Bb3 Ng6 11. Nbd2 d5 12. exd5 Nxd5 13. Ne4 Bg4 14. h3 Bf5 15. Ng3
Be6 16. Ng5 Ngf4 17. Nxe6 Nxe6 18. Ne4 Ndf4 19. Bc4 Qh4 20. Re1 Rad8 21. Bxf4
Qxf4 22. Bxe6 fxe6 23. Ra2 Qf7 24. Rd2 Qg6 25. Qc2 1/2-1/2

[Event "MCRE_SF20"]
[Site "?"]
[Date "2009.??.??"]
[Round "1"]
[White "Koukal, Vladimir"]
[Black "Stika, Vaclav"]
[Result "1/2-1/2"]
[WhiteElo "2247"]
[BlackElo "2130"]
[PlyCount "82"]
[EventDate "2009.??.??"]
[EventType "corr"]

1. e4 e5 2. Nf3 Nc6 3. Bb5 Nf6 4. O-O Nxe4 5. Re1 Nd6 6. Nxe5 Be7 7. Bf1 Nxe5
8. Rxe5 O-O 9. d4 Bf6 10. Re1 Nf5 11. c3 d5 12. Bf4 c6 13. Nd2 Nh4 14. Bd3 Bf5
15. Bxf5 Nxf5 16. Qg4 g6 17. Qh3 Qb6 18. g4 Ng7 19. g5 Bd8 20. Rab1 Bc7 21.
Bxc7 Qxc7 22. Nf3 Rae8 23. Rxe8 Rxe8 24. Ne5 Qd8 25. Qg4 Nf5 26. Qf4 Kg7 27. a4
a5 28. b4 axb4 29. Rxb4 Nd6 30. a5 Qd7 31. Ng4 Ne4 32. h4 Ra8 33. f3 Nd6 34.
Kf2 Qe6 35. Rb6 Nf5 36. Nh6 Rxa5 37. Rb2 Kf8 38. Qb8+ Qe8 39. Qc7 Nxh6 40. Qxa5
Nf5 41. Re2 Qb8 1/2-1/2

[Event "MCRE_SF20"]
[Site "?"]
[Date "2009.??.??"]
[Round "2"]
[White "Stika, Vaclav"]
[Black "Koukal, Vladimir"]
[Result "1/2-1/2"]
[WhiteElo "2130"]
[BlackElo "2247"]
[PlyCount "84"]
[EventDate "2009.??.??"]
[EventType "corr"]

1. e4 e5 2. Nf3 Nc6 3. Bb5 a6 4. Ba4 Nf6 5. O-O d6 6. Re1 Be7 7. c3 O-O 8. h3
b5 9. Bb3 Na5 10. Bc2 c5 11. d4 Qc7 12. Nbd2 cxd4 13. cxd4 Bd7 14. Nf1 Rac8 15.
Ne3 Nc6 16. d5 Nb4 17. Bb1 a5 18. a3 Na6 19. b4 Nh5 20. Bd2 Nf4 21. h4 g6 22.
g3 Nh5 23. Bd3 axb4 24. axb4 Qb6 25. Qe2 Nc7 26. Rec1 f5 27. exf5 gxf5 28. Bb1
Kh8 29. Ng5 Ng7 30. Qf3 h6 31. Nh3 Qb7 32. Ra3 Nce8 33. Rxc8 Bxc8 34. Ng2 Rf6
35. h5 Bd8 36. Nh4 Bb6 37. Rc3 Bd7 38. Ng6+ Kh7 39. Ra3 Qc7 40. Nh4 Kg8 41. Rc3
Qb7 42. Rc1 Nc7 1/2-1/2

[Event "MCRE_SF20"]
[Site "?"]
[Date "2009.??.??"]
[Round "1"]
[White "Kudr, Roman"]
[Black "Sojka, Vaclav"]
[Result "1/2-1/2"]
[WhiteElo "2223"]
[BlackElo "2200"]
[PlyCount "80"]
[EventDate "2009.??.??"]
[EventType "corr"]

1. e4 c5 2. Nf3 Nc6 3. d4 cxd4 4. Nxd4 Nf6 5. Nc3 e5 6. Ndb5 d6 7. Nd5 Nxd5 8.
exd5 Nb8 9. c4 a6 10. Nc3 Be7 11. Be2 O-O 12. O-O f5 13. a4 Nd7 14. a5 b6 15.
axb6 Qxb6 16. Na4 Qc7 17. b4 Rb8 18. Qb3 f4 19. Bd3 f3 20. gxf3 Kh8 21. Bc2 Nf6
22. Nc3 Qd7 23. Ne2 Qh3 24. Ra4 Bd8 25. Bd2 Bb6 26. Qd3 Qh4 27. Ng3 Bd4 28. Bc3
Bxc3 29. Qxc3 Nh5 30. Nxh5 Qxh5 31. Rfa1 Rf4 32. Be4 Qg5+ 33. Kf1 Qh4 34. b5
Qxh2 35. Ke1 Qg2 36. Qe3 Bf5 37. Bxf5 Rxf5 38. b6 Qh3 39. Ke2 Rf4 40. Rxa6 Rxc4
1/2-1/2

[Event "MCRE_SF20"]
[Site "?"]
[Date "2009.??.??"]
[Round "2"]
[White "Sojka, Vaclav"]
[Black "Kudr, Roman"]
[Result "1/2-1/2"]
[WhiteElo "2200"]
[BlackElo "2223"]
[PlyCount "77"]
[EventDate "2009.??.??"]
[EventType "corr"]

1. Nf3 Nf6 2. c4 b6 3. g3 Bb7 4. Bg2 e6 5. O-O Be7 6. d4 O-O 7. Nc3 Ne4 8. Qc2
Nxc3 9. Qxc3 d6 10. Qc2 Nc6 11. a3 Bf6 12. Rd1 Rb8 13. e4 e5 14. d5 Ne7 15. b4
c6 16. Be3 Qc7 17. Rac1 cxd5 18. cxd5 Qxc2 19. Rxc2 Rbc8 20. Rdc1 Rxc2 21. Rxc2
Rc8 22. Rxc8+ Bxc8 23. a4 Bd7 24. b5 g6 25. Nd2 Kf8 26. Nc4 Nc8 27. Bd2 Ke7 28.
Bb4 Bg7 29. f3 f6 30. Kf2 Bh6 31. Ba3 Bg5 32. h4 Bh6 33. Ke2 Bf8 34. f4 Kf7 35.
Bf3 Be7 36. h5 Bf8 37. Bb4 Ke8 38. Kf2 Kf7 39. Bd2 1/2-1/2

[Event "MCRE_SF20"]
[Site "?"]
[Date "2009.??.??"]
[Round "1"]
[White "Kudr, Roman"]
[Black "Juhasz, Jozef"]
[Result "0-1"]
[WhiteElo "2223"]
[BlackElo "2199"]
[PlyCount "96"]
[EventDate "2009.??.??"]
[EventType "corr"]

1. e4 c5 2. Nf3 d6 3. d4 cxd4 4. Nxd4 Nf6 5. Nc3 Nc6 6. Bg5 e6 7. Qd2 Be7 8.
O-O-O O-O 9. Nb3 a5 10. a4 d5 11. exd5 Nxd5 12. Bxe7 Ncxe7 13. Nxd5 Nxd5 14.
Bc4 Qh4 15. Bxd5 exd5 16. Qd4 Qh6+ 17. Kb1 Be6 18. Qd2 Qf6 19. Nd4 Bd7 20. b3
Rfc8 21. Qe2 Qd6 22. h4 Re8 23. Qd2 Rec8 24. Rhe1 h6 25. Re3 b5 26. Nxb5 Bxb5
27. axb5 a4 28. Qxd5 Qc7 29. Rc1 Qa5 30. Re7 Kh8 31. Qxf7 Rg8 32. b4 Qxb4+ 33.
Ka2 Rgf8 34. Qe6 a3 35. Rb1 Qc5 36. Qe4 Rxf2 37. Rc1 Qc3 38. Qe5 Rxc2+ 39. Rxc2
Qxc2+ 40. Ka1 a2 41. Qe1 Qc4 42. Re4 Qxb5 43. Rb4 Qd3 44. Qe4 Qa3 45. Qe1 Rf8
46. Re4 Qd3 47. Re2 h5 48. g3 Kh7 0-1

[Event "MCRE_SF20"]
[Site "?"]
[Date "2009.??.??"]
[Round "2"]
[White "Juhasz, Jozef"]
[Black "Kudr, Roman"]
[Result "1-0"]
[WhiteElo "2199"]
[BlackElo "2223"]
[PlyCount "77"]
[EventDate "2009.??.??"]
[EventType "corr"]

1. c4 Nf6 2. d4 e6 3. Nf3 d5 4. Nc3 c6 5. e3 Nbd7 6. Qc2 Bd6 7. b3 O-O 8. Be2
b6 9. O-O Bb7 10. Bb2 Qe7 11. a4 a5 12. Rad1 Rac8 13. e4 dxe4 14. Nxe4 Nxe4 15.
Qxe4 f5 16. Qe3 c5 17. d5 Rce8 18. dxe6 Nf6 19. Ng5 Bb8 20. Rfe1 Bc8 21. Bf3
Ng4 22. Qd2 Bxh2+ 23. Kf1 Bc7 24. Bc6 Rd8 25. Qc1 Rxd1 26. Qxd1 h6 27. Nf3 g6
28. Qd5 Bd6 29. Bd7 Ba6 30. Ne5 Nxe5 31. Rxe5 h5 32. Re1 Kh7 33. Qc6 h4 34. Bc3
Rb8 35. Bf6 Qf8 36. Rd1 Be7 37. Bxe7 Qxe7 38. Qc7 Rg8 39. Qxb6 1-0

[Event "MCRE_SF20"]
[Site "?"]
[Date "2009.??.??"]
[Round "1"]
[White "Kudr, Roman"]
[Black "Pirhala, Ladislav"]
[Result "1/2-1/2"]
[WhiteElo "2223"]
[BlackElo "2190"]
[PlyCount "67"]
[EventDate "2009.??.??"]
[EventType "corr"]

1. e4 c6 2. d4 d5 3. Nc3 dxe4 4. Nxe4 Bf5 5. Ng3 Bg6 6. h4 h6 7. Nf3 Nd7 8. h5
Bh7 9. Bd3 Bxd3 10. Qxd3 Ngf6 11. Bf4 e6 12. O-O-O Be7 13. Kb1 O-O 14. Ne4 Nxe4
15. Qxe4 Nf6 16. Qd3 Qa5 17. Ne5 Rad8 18. Qe2 Qb6 19. Be3 c5 20. c3 Nd5 21. Rc1
a5 22. dxc5 Bxc5 23. Bxc5 Qxc5 24. b3 Rfe8 25. Rh4 Nf6 26. Rc4 Qb5 27. Re1 Rd5
28. Rf4 Qb6 29. c4 Rd6 30. Ng4 Nh7 31. Rf5 Qd8 32. Rb5 Rd7 33. Qe3 Rd1+ 34. Kc2
1/2-1/2

[Event "MCRE_SF20"]
[Site "?"]
[Date "2009.??.??"]
[Round "2"]
[White "Pirhala, Ladislav"]
[Black "Kudr, Roman"]
[Result "1/2-1/2"]
[WhiteElo "2190"]
[BlackElo "2223"]
[PlyCount "58"]
[EventDate "2009.??.??"]
[EventType "corr"]

1. e4 g6 2. d4 Bg7 3. Nc3 c6 4. Nf3 d6 5. Be2 Nf6 6. O-O O-O 7. h3 Nbd7 8. a4
e5 9. dxe5 Nxe5 10. Bf4 Qe7 11. Qd2 Be6 12. Bg5 Rfd8 13. Qe3 Nc4 14. Bxc4 Bxc4
15. Rfe1 Re8 16. Rad1 d5 17. b3 Ba6 18. exd5 Qb4 19. Qd2 h6 20. Bf4 Rxe1+ 21.
Rxe1 Nd7 22. Na2 Qxd2 23. Bxd2 cxd5 24. Nb4 Rc8 25. Nxd5 Rxc2 26. Re8+ Nf8 27.
Nb4 Rc7 28. Be3 Kh7 29. Nxa6 bxa6 1/2-1/2

[Event "MCRE_SF20"]
[Site "?"]
[Date "2009.??.??"]
[Round "1"]
[White "Kudr, Roman"]
[Black "Mudra, Oldrich"]
[Result "1/2-1/2"]
[WhiteElo "2223"]
[BlackElo "2175"]
[PlyCount "158"]
[EventDate "2009.??.??"]
[EventType "corr"]

1. e4 g6 2. d4 Bg7 3. c4 d6 4. Nc3 Nd7 5. Nf3 e5 6. Bg5 Ngf6 7. dxe5 dxe5 8.
Be2 O-O 9. O-O h6 10. Be3 c6 11. Qc1 Kh7 12. Ne1 Qe7 13. Nd3 Rd8 14. Qc2 b6 15.
Rad1 Nf8 16. Rd2 Bb7 17. Rfd1 Qc7 18. f4 exf4 19. Nxf4 N8d7 20. Nd3 Nf8 21. Bf4
Qe7 22. Nf2 Ne6 23. Bd6 Qe8 24. Bf3 Nd7 25. Bg4 Ne5 26. Bxe6 Qxe6 27. b3 Rd7
28. c5 Ba6 29. Na4 Rad8 30. h3 f5 31. cxb6 Rxd6 32. Rxd6 Rxd6 33. bxa7 Rxd1+
34. Qxd1 Bb7 35. Qd8 Qd7 36. Qb8 Qe7 37. exf5 Nf7 38. fxg6+ Kxg6 39. Qg3+ Kh7
40. Qd3+ Kg8 41. Kf1 Qe5 42. Ne4 c5 43. Nexc5 Qf6+ 44. Ke1 Bxg2 45. Qe2 Qa1+
46. Kf2 Qh1 47. Ne6 Bf6 48. Nac5 Bh4+ 49. Ke3 Qc1+ 50. Kd3 Ba8 51. Nd4 Qxc5 52.
Qe8+ Qf8 53. Qxf8+ Kxf8 54. Ne6+ Ke7 55. Nc7 Bb7 56. a8=Q Bxa8 57. Nxa8 Ng5 58.
Nb6 Ke6 59. a4 Nxh3 60. a5 Bf2 61. Na4 Nf4+ 62. Ke4 Nd5 63. Nb2 Ba7 64. Nd3
Nf6+ 65. Kf3 Bb8 66. Nf4+ Ke5 67. Ng6+ Kd6 68. b4 Kc6 69. Ne7+ Kb5 70. Nf5 h5
71. Kg2 Bf4 72. Kh3 Bg5 73. Nd4+ Ka6 74. Nf3 Bf4 75. Kh4 Be3 76. Nh2 Bd2 77.
Nf3 Bc1 78. Nd4 Be3 79. Nf5 Bd2 1/2-1/2

[Event "MCRE_SF20"]
[Site "?"]
[Date "2009.??.??"]
[Round "2"]
[White "Mudra, Oldrich"]
[Black "Kudr, Roman"]
[Result "1/2-1/2"]
[WhiteElo "2175"]
[BlackElo "2223"]
[PlyCount "135"]
[EventDate "2009.??.??"]
[EventType "corr"]

1. Nf3 Nf6 2. g3 g6 3. Bg2 Bg7 4. O-O O-O 5. c4 d6 6. d4 Nc6 7. Nc3 a6 8. e3
Bg4 9. h3 Bd7 10. e4 e5 11. dxe5 dxe5 12. Re1 Qc8 13. Kh2 Re8 14. Be3 Rb8 15.
Qc2 b5 16. cxb5 axb5 17. Red1 Na5 18. Nd2 Bf8 19. Rac1 Kg7 20. Bg5 c6 21. b3
Rb7 22. Qb2 Qd8 23. Nf3 h6 24. Be3 Qb8 25. Ne2 b4 26. Ne1 Kg8 27. Nd3 Rb5 28.
Nc5 Bc8 29. f4 Bd6 30. fxe5 Bxe5 31. Bd4 Bxd4 32. Nxd4 Nh5 33. Rd3 Qe5 34. Na4
Rb8 35. Qd2 Ba6 36. Rc5 Qc7 37. Rf3 Re5 38. Nc2 Rd8 39. Qxb4 Nb7 40. Rxe5 Qxe5
41. Qc3 Qxc3 42. Nxc3 Nc5 43. Nb4 Bb7 44. g4 Ng7 45. e5 Rd2 46. Re3 Nge6 47.
Re2 Rd4 48. Nc2 Rd3 49. Ne4 Nxe4 50. Bxe4 Rxh3+ 51. Kxh3 Nf4+ 52. Kh2 Nxe2 53.
a4 Kf8 54. a5 Ke7 55. Bf3 Nc1 56. b4 Nd3 57. e6 Ne5 58. Bg2 Kxe6 59. b5 Kd7 60.
a6 Ba8 61. b6 Nxg4+ 62. Kg3 Ne5 63. Ne3 Kc8 64. Ng4 Nxg4 65. Kxg4 Bb7 66. Bf1
c5 67. Kf4 Kb8 68. Ke5 1/2-1/2

[Event "MCRE_SF20"]
[Site "?"]
[Date "2009.??.??"]
[Round "1"]
[White "Kudr, Roman"]
[Black "Kratochvil, Vaclav"]
[Result "1/2-1/2"]
[WhiteElo "2223"]
[BlackElo "2172"]
[PlyCount "43"]
[EventDate "2009.??.??"]
[EventType "corr"]

1. e4 e5 2. Nf3 Nf6 3. d4 Nxe4 4. Bd3 Nc6 5. O-O d5 6. dxe5 h6 7. c4 Nc5 8.
cxd5 Qxd5 9. Bb5 Qxd1 10. Rxd1 Bd7 11. Nc3 a6 12. Be2 Be6 13. Be3 Nd7 14. Ne4
Bg4 15. h3 Bxf3 16. gxf3 Ncxe5 17. Rac1 O-O-O 18. f4 Nc6 19. Bxa6 Nf6 20. Rxd8+
Nxd8 21. Bd3 Nd5 22. Kg2 1/2-1/2